Za mrežami a ostnatým drôtom

Bibliographic Details
Main Author: Beňadik, Ján Kamil, 1912-1973 (Author)
Format: Book
Language:Slovak
PhysicalDescription:77 strán 24 cm
Published: Bratislava Politickí väzni - Zväz protikomunistického odboja 2018
ISBN:9788097278113
Subjects:

MARC

LEADER 00000nam a2200000 4500
001 vtls011770471
003 SK-MaSNL
005 20260301142602.0
008 200104s2018 xo g 000 pdslo
015 |a SNBA2018/08 
020 |a 9788097278113  |q (brožované) 
035 |a urn:nbn:sk:snk-am00d4gn 
035 |a urn:nbn:sk:snk-am3hldp 
035 |a 935D7361-9428-4A48-88E8-BBB85E68AF4E 
040 |a SNK  |b slo  |c SNK  |e rda 
041 0 |a slo 
044 |a xo  |c SK 
072 7 |a 821.162.4-1  |x Slovenská poézia  |2 konspekt 
080 |a 821.162.4-1  |2 2011 
100 1 |a Beňadik, Ján Kamil,  |d 1912-1973  |4 aut  |9 63414 
245 1 0 |a Za mrežami a ostnatým drôtom  |c Ján Kamil Beňadik 
264 1 |a Bratislava  |b Politickí väzni - Zväz protikomunistického odboja  |c 2018 
300 |a 77 strán  |c 24 cm 
336 |a text  |b txt  |2 rdacontent 
337 |a bez média  |b n  |2 rdamedia 
338 |a zväzok  |b nc  |2 rdacarrier 
500 |a Biografické údaje 
655 7 |a slovenská poézia  |2 SNKPH  |9 70444 
655 7 |a Slovak poetry  |2 SNKPHeng  |9 265010 
919 |a 978-80-9722781-1-3 
958 |a LX 
999 |c 770786  |d 772716 
952 |a SNK  |b SNK  |y PREZ  |7 0  |p 17A1334423  |o snkSC 180520  |i snk2018/16451  |8 0  |0 0  |1 0  |4 0  |d 2018-08-03  |f 1  |l 0  |r 2026-02-24 00:33:55  |w 2026-02-24 
952 |a SNK  |b SNK  |y PREZ  |7 0  |p 17A1334424  |o snkSC 180520 D1  |i snk2018/16452  |8 0  |0 0  |1 0  |4 0  |d 2018-08-03  |l 0  |r 2026-02-24 00:33:55  |w 2026-02-24